| 000 | 07024cam a22018614i 4500 | ||
|---|---|---|---|
| 003 | PE-LiUPU | ||
| 005 | 20250813165332.0 | ||
| 008 | 150529s2014 ck a rb 000 0 spa d | ||
| 020 | _a9789587621785 | ||
| 035 | _a(Sirsi) i9789587621785 | ||
| 040 |
_aPE-LiUPU _bspa _cPE-LiUPU _erda |
||
| 049 | _aPRUA | ||
| 082 | 0 | 4 |
_a658.15 _bL69 |
| 100 | 1 |
_aLira Briceño, Paúl, _eautor. |
|
| 245 | 1 | 0 |
_aEvaluación de proyectos de inversión : _bherramientas financieras para analizar la creación de valor / _cPaúl Lira Briceño. |
| 264 | 1 |
_aBogotá : _bEdiciones de la U, _c2014. |
|
| 300 |
_a239 páginas : _bilustraciones ; _c24 centímetros |
||
| 336 |
_atext _2rdacontent |
||
| 337 |
_aunmediated _2rdamedia |
||
| 338 |
_avolume _2rdacarrier |
||
| 490 | 0 | _aContabilidad y finanzas | |
| 504 | _aBibliografía : páginas 239. | ||
| 505 | 0 | _aAspectos introductorios -- La formulación de proyectos de inversión -- El proceso de creación de valor -- La creación de valor y los proyectos de inversión -- Los tres pilares de la evaluación de proyectos -- Pilar : Construcción del flujo de caja -- ¿Caja o utilidad? -- El flujo de caja de un proyecto -- El flujo de caja de inversión -- Los requerimientos de capital de trabajo del proyecto -- El flujo de caja de operación -- El flujo de caja de liquidación -- Métodos para estimar el valor de liquidación de un activo -- Estructura de financiamiento de un proyecto -- Aspectos a tomar en cuenta en la construcción del flujo de caja -- La importancia de los escudos fiscales -- Los efectos tributarios y los costos de oportunidad -- El flujo de caja libre del proyecto -- El flujo de caja del accionista -- Construcción de los flujo de caja: un caso práctico -- La evaluación de proyectos en una empresa en marcha -- ¿El proyecto genera valor? -- Indicadores de rentabilidad -- Los problemas de la TIR -- Un indicador adicional: El periodo de recuperación de la inversión -- Pilar : Incorporación del riesgo -- El riesgo en la evaluación de proyectos -- ¿Cómo introducir el riesgo en los proyectos? -- El análisis de sensibilidad -- El análisis del punto de equilibrio -- Mediciones estadísticas del riesgo de un proyecto -- La simulación Montecarlo -- La técnica de los árboles de decisión -- Pilar : Determinación de la tasa de descuento -- ¿Cuánto ganar por invertir? -- Un modelo financiero: El CAPM -- Determinando la tasa de descuento de un proyecto -- Aspectos prácticos para determinar la tasa de descuento de un proyecto -- La tasa de descuento de un proyecto en la práctica -- El valor presente neto ajustado (VPNA) -- Las tres formas de medir la rentabilidad de un proyecto de inversión -- Casos especiales en la evaluación de proyectos -- ¿Cómo evaluar proyectos con vidas útiles diferentes? -- El valor anual equivalente (VAE) -- El costo anual equivalente (CAE) y proyectos que no se pueden repetir -- ¿Muchos proyectos y poco dinero? -- El incremento en los precios y los proyectos -- El IGV en la evaluación de proyectos -- La evaluación de un proyecto en la práctica -- El proyecto de Prodepsa -- El panel de variables de entrada -- Las proyecciones económico-financieras -- Determinación de las tasas de descuento del proyecto -- La generación de valor del proyecto -- Análisis del riesgo del proyecto. | |
| 526 | _aP203 | ||
| 526 | _aP200 | ||
| 526 | _aSEG65 | ||
| 526 | _aSEG64 | ||
| 526 | _aSEG63 | ||
| 526 | _aSEG62 | ||
| 526 | _aSEG61 | ||
| 526 | _aSEG60 | ||
| 526 | _aSEG59 | ||
| 526 | _aSEG58 | ||
| 526 | _aSEG57 | ||
| 526 | _aSEG56 | ||
| 526 | _aSEG55 | ||
| 526 | _aSEG54 | ||
| 526 | _aSEG53 | ||
| 526 | _aSEG52 | ||
| 526 | _aSEG51 | ||
| 526 | _aSEG50 | ||
| 526 | _aSEG49 | ||
| 526 | _aSEG48 | ||
| 526 | _aSEG47 | ||
| 526 | _aSEG46 | ||
| 526 | _aSEG24 | ||
| 526 | _aSEG23 | ||
| 526 | _aSEG22 | ||
| 526 | _aSEG21 | ||
| 526 | _aSEG20 | ||
| 526 | _aSEG19 | ||
| 526 | _aSEG18 | ||
| 526 | _aSEG17 | ||
| 526 | _aSEG16 | ||
| 526 | _aSEG14 | ||
| 526 | _aSEG13 | ||
| 526 | _aSEG12 | ||
| 526 | _aSEG11 | ||
| 526 | _aSEG10 | ||
| 526 | _aSEG09 | ||
| 526 | _aSEG06 | ||
| 526 | _aSEG05 | ||
| 526 | _aSEG04 | ||
| 526 | _aSEG03 | ||
| 526 | _aSEG02 | ||
| 526 | _aSEG68 | ||
| 526 | _aSEG66 | ||
| 526 | _aSEG45 | ||
| 526 | _aSEG25 | ||
| 526 | _aSEG01 | ||
| 526 | _aP163 | ||
| 526 | _aP162 | ||
| 526 | _aP161 | ||
| 526 | _aP160 | ||
| 526 | _aP159 | ||
| 526 | _aP158 | ||
| 526 | _aP157 | ||
| 526 | _aP156 | ||
| 526 | _aP155 | ||
| 526 | _aP154 | ||
| 526 | _aP153 | ||
| 526 | _aP152 | ||
| 526 | _aP151 | ||
| 526 | _aP150 | ||
| 526 | _aP149 | ||
| 526 | _aP142 | ||
| 526 | _aP141 | ||
| 526 | _aP140 | ||
| 526 | _aP139 | ||
| 526 | _aP138 | ||
| 526 | _aP137 | ||
| 526 | _aP132 | ||
| 526 | _aP131 | ||
| 526 | _aP130 | ||
| 526 | _aP126 | ||
| 526 | _aP125 | ||
| 526 | _aP124 | ||
| 526 | _aP123 | ||
| 526 | _aP115 | ||
| 526 | _aP122 | ||
| 526 | _aP121 | ||
| 526 | _aP116 | ||
| 526 | _a P114 | ||
| 526 | _aP112 | ||
| 526 | _aP111 | ||
| 526 | _aP104 | ||
| 526 | _aP103 | ||
| 526 | _aP102 | ||
| 526 | _aP101 | ||
| 526 | _aP100 | ||
| 526 | _aP96 | ||
| 526 | _aP95 | ||
| 526 | _aP93 | ||
| 526 | _aP92 | ||
| 526 | _aP91 | ||
| 526 | _aP88 | ||
| 526 | _aP83 | ||
| 526 | _aP82 | ||
| 526 | _aP79 | ||
| 526 | _aP78 | ||
| 526 | _aP75 | ||
| 526 | _aP74 | ||
| 526 | _aP71 | ||
| 526 | _aP69 | ||
| 526 | _a P51 | ||
| 526 | _aP49 | ||
| 526 | _aP48 | ||
| 526 | _aP47 | ||
| 526 | _aP33 | ||
| 526 | _aP31 | ||
| 526 | _a P30 | ||
| 526 | _aP29 | ||
| 526 | _aP27 | ||
| 526 | _aP26 | ||
| 526 | _aP25 | ||
| 526 | _aP24 | ||
| 526 | _a P22 | ||
| 526 | _aP10 | ||
| 526 | _aP09 | ||
| 526 | _a P08 | ||
| 526 | _aP06 | ||
| 526 | _aP05 | ||
| 526 | _aP04 | ||
| 526 | _aP01 | ||
| 541 | _g001-003029; | ||
| 541 | _g001-03174; | ||
| 650 | 1 | 4 |
_aAdministración financiera. _93709 |
| 650 | 1 | 4 |
_aEvaluación de proyectos _xAspectos financieros. |
| 650 | 1 | 4 |
_aProyectos de inversión. _95140 |
| 910 |
_ardg _bjck _crdg _d20151126 |
||
| 942 |
_2ddc _cBOOK |
||
| 949 |
_a658.15 L69 _wDEWEY _c1 _i72243 _lCCODEBUL1 _mBUL _p35.00 _r0 _sY _tBOOK _u2015-11-26 _xFCE _PP08 _0COMPRA _o.STAFF. Colección General |
||
| 949 |
_a658.15 L69 _wDEWEY _c1 _iFJ00459 _d2016-10-14 _e2016-10-11 _lCCODEBUJ1 _mBUJ _n2 _p37.00 _r0 _sY _tBOOK _u2016-6-28 _xFCE _PP08 _0COMPRA _o.STAFF. Colección General Juliaca |
||
| 994 |
_aC0 _bPEPRU |
||
| 596 | _a1 3 | ||
| 999 |
_a658.15 L69 _wDEWEY _c8005 _i72243 _d8005 _e2017-9-25 _f2021-11-8 _g5 _lCCODEBUL1 _mBUL _n2 _p35.00 _q1 _r0 _sY _tBOOK _u2015-11-26 _xFCE _PP08 _0COMPRA _o.STAFF. Colección General |
||
| 999 |
_a658.15 L69 _wDEWEY _c1 _iFJ00459 _d2018-6-3 _e2018-5-31 _f2022-1-31 _g4 _lCCODEBUJ1 _mBUJ _n3 _p37.00 _r0 _sY _tBOOK _u2016-6-28 _xFCE _PP08 _0COMPRA _o.STAFF. Colección General Juliaca |
||
| 980 |
_81 _gALBERTO SANCHEZ Responsable de Automatización |
||